000 00732nam a2200241Ia 4500
003 OSt
005 20220923212433.0
006 a|||||r|||| 00| 0
007 ta
008 220922b |||||||| |||| 00| 0 hin d
024 _a152,967
037 _cTextual
040 _aARTS
_cARTS
_bhin
041 _2hin
_ahin
082 _aNR44wM74, 152M2
100 _aअमीक हनफी
245 0 _aउस्ताद रजब अली खॉं
246 _aUstād rajab alī khaॉan
260 _aनई दिल्ली
_b राजकमल प्रकाशन
_c1982
300 _a79 पृ.
_ccm.
942 _hNR44wM74, 152M2
_cTEXL
_2CC
999 _c308615
_d308615